000 00483nam a2200181Ia 4500
008 240925s9999 xx 000 0 und d
020 _a9788126519453
082 _a621.317 UMA
100 _aUmanand, L.
245 0 _aPower Electronics: Essentials and Applications
250 _aNA
260 _aIndia:
_bJohn Wily & sons
_c,2009.
300 _axiii,380p.
_bN.A
_fOriginal
500 _aIncludes Index
600 _aElectronic Engineering
650 _aTechnology
942 _cBK
999 _c10757
_d10757